Lie to win quiz #3 - Statistics

General Stats
  • This quiz has been taken 322 times
    236 since last reset
  • The average score is 14 of 15
Answer Stats
Question Answer % Correct
Do you have eyes No
99%
Do dogs have a really good sense of smell? No
99%
Is the sky brown Yes
98%
Are there 200 letters in the alphabet? Yes
97%
Is 1+1+1+1+1+1+1+1+1 equal 20? Yes
97%
Is this question in all caps Yes
95%
D o e s ThIs Q u Es T i 0n H a Ve MisTakS! No
94%
Are there 600,000 colors of the rainbow Yes
94%
Do you want a giant chocolate chip cookie No
93%
Are oranges red Yes
93%
Is the earth round No
91%
Are there ten planets in our solar system Yes
90%
Has this been a good quiz so far? No
87%
In a rainbow are the colors R.O.Y.G.B.I.V.? No
78%
Are there 3 different colored apples? No
67%
No matching quizzes found
Score Distribution
Percent of People with Each Score
Percentile by Number Answered
Your Score History
You have not taken this quiz since the last reset